Zvyšovanie výkonnosti podniku pomocou účinnej komunikácie

Dôležitosť účinne vedenej komunikácie pre dosiahnutie podnikových cieľov. Výber vhodných verbálnych a neverbálnych prostriedkov externej a internej komunikácie v podniku. Získavanie kompetentných pracovníkov pre svoju spoluprácu v podnikoch a zručnosti dobrého manažéra vo vystupovaní, reprezentácii...

Descripción completa

Guardado en:
Detalles Bibliográficos
Autor principal: Sotáková, Kamila, 1996-
Otros Autores: Bělica, Josef
Formato: Capítulo de libro
Lenguaje:eslovaco
Materias:
Etiquetas: Agregar Etiqueta
Sin Etiquetas, Sea el primero en etiquetar este registro!

MARC

LEADER 00000naa$a2200000$$$4500
001 0276992
005 20240502074323.3
041 0 |a slo 
044 |a SK 
245 1 0 |a Zvyšovanie výkonnosti podniku pomocou účinnej komunikácie  |c Kamila Sotáková, Josef Bělica 
520 |a Dôležitosť účinne vedenej komunikácie pre dosiahnutie podnikových cieľov. Výber vhodných verbálnych a neverbálnych prostriedkov externej a internej komunikácie v podniku. Získavanie kompetentných pracovníkov pre svoju spoluprácu v podnikoch a zručnosti dobrého manažéra vo vystupovaní, reprezentácii či efektívnej komunikácii, keďže väčšina každodenných aktivít manažéra zahŕňa prácu s ľuďmi – manažéri ňou strávia viac ako polovicu pracovného času a svojimi komunikačnými zručnosťami ovplyvňujú výkon zamestnancov. 
610 2 0 |a komunikácia firemná 
610 2 0 |a kompetencie komunikačné 
610 2 0 |a komunikácia interpersonálna 
610 2 0 |a komunikácia manažérska 
610 2 0 |a manažéri 
610 2 0 |a manažment personálny 
610 2 0 |a zručnosti mäkké 
610 2 0 |a efektívnosť práce 
610 2 0 |a výkonnosť podniku 
100 1 |a Sotáková, Kamila, 1996- 
700 1 |a Bělica, Josef